000 00720cam a2200217 a 4500
003 OSt
005 20140310182432.0
008 100618s2011 moua 001 0 eng
020 _a9781437703108 (pbk. : alk. paper)
050 0 0 _aRM 301.28
_b.B365 2011
100 1 _aBardal, Stan K.
_98343
245 1 0 _aApplied pharmacology /
_cStan K. Bardal, Jason E. Waechter, Douglas S. Martin.
260 _aSt. Louis, Mo. :
_bElsevier/Saunders,
_cc2011.
300 _aix, 470 p. :
_bcol. ill. ;
_c28 cm.
650 0 _aClinical pharmacology
_vTextbooks.
_98344
650 1 2 _aPharmacology, Clinical.
_98345
700 1 _aWaechter, Jason E.
_98346
700 1 _aMartin, Douglas S.
_98347
942 _2lcc
_cSSLC
999 _c13377
_d13377